[Event "Open Principal"]
[Site "Montpellier"]
[Date "1999.??.??"]
[Round "1"]
[White "Mounier, Eric"]
[Black "Ralaison, Ainga"]
[Result "0-1"]
[WhiteElo "2130"]
[BlackElo "1750"]
[PlyCount "56"]
[EventDate "1999.07.??"]

1. e4 Nf6 2. Nc3 d5 3. exd5 Nxd5 4. g3 g6 5. Bg2 c6 6. Nge2 Bg7 7. O-O O-O 8.
b3 Bg4 9. f3 Qb6+ 10. Kh1 Bf5 11. Bb2 Na6 12. Na4 Qc7 13. Bxg7 Kxg7 14. c4 Nf6
15. d4 Rad8 16. Qe1 e5 17. Rd1 Rfe8 18. Qc3 exd4 19. Nxd4 Bc8 20. b4 20... Qe7
{} 21. c5 Nc7 22. f4 Bg4 23. Rde1 Qd7 24. Rxe8 Rxe8 25. Nb2 Ncd5 26. Bxd5
Qxd5+ 27. Kg1 Bh3 28. Rf2 Qxd4 0-1

[Event "Open Principal"]
[Site "Montpellier"]
[Date "1999.??.??"]
[Round "1"]
[White "Rossi, Pascal"]
[Black "Amadou, David"]
[Result "0-1"]
[WhiteElo "1770"]
[BlackElo "2157"]
[PlyCount "40"]
[EventDate "1999.07.??"]

1. d4 Nf6 2. c4 c5 3. d5 b5 4. Nc3 b4 5. Nb1 g6 6. b3 Bg7 7. Bb2 O-O 8. Nf3 d6
9. g3 Nbd7 10. Bg2 Nb6 11. O-O a5 12. Nbd2 a4 13. Rc1 axb3 14. axb3 Ra2 15. Ba1
Bf5 16. Nh4 Bd7 17. Rc2 Qa8 18. Rxa2 Qxa2 19. Qb1 Qxd2 20. e4 Ra8 0-1

[Event "Open Principal"]
[Site "Montpellier"]
[Date "1999.??.??"]
[Round "1"]
[White "Rue, David"]
[Black "Boissezon, Michel"]
[Result "1-0"]
[WhiteElo "2153"]
[BlackElo "1760"]
[PlyCount "87"]
[EventDate "1999.07.??"]

1. e4 d5 2. exd5 Qxd5 3. Nc3 Qa5 4. d4 c6 5. Nf3 Bf5 6. Bc4 Nf6 7. Bd2 Qc7 8.
Ne5 e6 9. g4 Be4 10. Nxe4 Nxe4 11. Qf3 Nxd2 12. Kxd2 Bd6 13. Rae1 Bxe5 14. dxe5
Nd7 15. Qc3 O-O-O 16. Kc1 Nb6 17. Bb3 Nd5 18. Qg3 g5 19. h4 h6 20. Bxd5 gxh4
21. Bxe6+ fxe6 22. Qe3 Qa5 23. a3 Qd5 24. Kb1 Rhf8 25. Rxh4 Rf3 26. Qxa7 Qd2
27. Reh1 Rxf2 28. Qa4 Rdf8 29. Qc4 Kc7 30. Rxh6 b5 31. Qc5 Rf1+ 32. Ka2 Qd5+
33. Qxd5 exd5 34. Rxf1 Rxf1 35. Rh7+ Kd8 36. e6 Re1 37. e7+ Ke8 38. g5 Re6 39.
Rh6 Kxe7 40. Rxe6+ Kxe6 41. Kb3 c5 42. Kc3 d4+ 43. Kd3 Ke5 44. b3 1-0

[Event "Open Principal"]
[Site "Montpellier"]
[Date "1999.??.??"]
[Round "1"]
[White "Rue, Eric"]
[Black "Luciani, Jean-Francois"]
[Result "1/2-1/2"]
[WhiteElo "2140"]
[BlackElo "1760"]
[PlyCount "96"]
[EventDate "1999.07.??"]

1. e4 c5 2. Nf3 Nc6 3. Bb5 g6 4. c3 Bg7 5. O-O Nf6 6. e5 Nd5 7. Re1 O-O 8. Bxc6
dxc6 9. d4 cxd4 10. Qxd4 Qb6 11. Na3 Rd8 12. Qh4 Qc7 13. Bh6 Bf5 14. Bxg7 Kxg7
15. Nd4 Bd3 16. Rad1 Ba6 17. Qg5 e6 18. c4 Qe7 19. Qxe7 Nxe7 20. b4 b6 21. f4
c5 22. bxc5 bxc5 23. Nb3 Rdc8 24. Rd7 Nf5 25. g4 Nd4 26. Nxd4 cxd4 27. Rxd4 Rc5
28. Rc1 Rac8 29. Kf2 Ra5 30. Rc3 Rcc5 31. Rd7 Bc8 32. Rd8 Ra4 33. Ke3 Ba6 34.
Rb8 Rca5 35. Rbb3 Bb7 36. Nc2 Bc6 37. Nd4 Rc5 38. Nxc6 Rxc6 39. Rb7 Rxa2 40. c5
Rxh2 41. Ke4 Ra2 42. Rc4 Ra5 43. Kd4 Ra1 44. g5 Rd1+ 45. Kc3 Ra1 46. Kd4 Rd1+
47. Kc3 Rc1+ 48. Kd4 Rd1+ 1/2-1/2

[Event "Open Principal"]
[Site "Montpellier"]
[Date "1999.??.??"]
[Round "2"]
[White "Amadou, David"]
[Black "Coin, Jacques"]
[Result "1/2-1/2"]
[WhiteElo "2140"]
[BlackElo "1900"]
[PlyCount "86"]
[EventDate "1999.07.??"]

1. Nf3 d5 2. c4 c6 3. d4 Nf6 4. Nc3 dxc4 5. e3 b5 6. a4 Nd5 7. axb5 Nxc3 8.
bxc3 cxb5 9. Ba3 Nd7 10. g3 Bb7 11. Bg2 e6 12. Bxf8 Nxf8 13. O-O Ng6 14. Ra3
O-O 15. Qa1 a6 16. Nd2 Bxg2 17. Kxg2 Qd5+ 18. f3 Qc6 19. Ne4 Ra7 20. Rf2 Rfa8
21. Rfa2 Ne7 22. Nc5 Nd5 23. e4 Nc7 24. e5 h6 25. Ra5 Nd5 26. Qc1 Nc7 27. g4
Rb8 28. Qa1 Rba8 29. Kg3 Nd5 30. h4 f6 31. exf6 gxf6 32. Qe1 Qd6+ 33. Kg2 e5
34. Ne4 Nf4+ 35. Kh1 Qe6 36. Rd2 Nd3 37. Qe3 f5 38. gxf5 Qxf5 39. Rg2+ Rg7 40.
Rxg7+ Kxg7 41. Kh2 exd4 42. Qxd4+ Qe5+ 43. Qxe5+ Nxe5 1/2-1/2

[Event "Open Principal"]
[Site "Montpellier"]
[Date "1999.??.??"]
[Round "2"]
[White "Andrianaho, Sylvain"]
[Black "Lacrosse, Marc"]
[Result "1-0"]
[WhiteElo "1900"]
[BlackElo "2175"]
[PlyCount "70"]
[EventDate "1999.07.??"]

1. f4 d5 2. b3 Nf6 3. e3 g6 4. Bb2 Bg7 5. Nf3 O-O 6. Be2 c5 7. O-O Nc6 8. Ne5
Qc7 9. Bf3 Ne4 10. d3 Nxe5 11. fxe5 Bxe5 12. Bxe5 Qxe5 13. d4 Qg5 14. Qe1 cxd4
15. exd4 Bf5 16. c4 e6 17. c5 h5 18. Bxe4 Bxe4 19. Qf2 e5 20. Nd2 exd4 21. Nxe4
dxe4 22. Qxd4 Rfe8 23. b4 Rad8 24. Qf2 f5 25. Rad1 e3 26. Qe2 Qg4 27. Qxg4 hxg4
28. Rxd8 Rxd8 29. g3 g5 30. Re1 f4 31. Kf1 Rd2 32. gxf4 gxf4 33. Rc1 Rxh2 34.
Kg1 g3 35. b5 f3 1-0

[Event "Open Principal"]
[Site "Montpellier"]
[Date "1999.??.??"]
[Round "2"]
[White "Holcman, Jeremy"]
[Black "Mourgues, Joelle"]
[Result "0-1"]
[WhiteElo "2020"]
[BlackElo "1820"]
[PlyCount "100"]
[EventDate "1999.07.??"]

1. d4 Nf6 2. Nf3 e6 3. c4 b6 4. g3 Bb7 5. Bg2 d5 6. Ne5 c6 7. Qa4 Be7 8. Nc3
O-O 9. O-O Nfd7 10. Nf3 f5 11. Rd1 h6 12. cxd5 cxd5 13. Ne5 Nxe5 14. dxe5 Nd7
15. g4 Nc5 16. Qc2 Qc8 17. Nb5 Ne4 18. Qxc8 Raxc8 19. gxf5 exf5 20. Be3 Rc2 21.
Nd4 Rxb2 22. a3 Bc5 23. a4 f4 24. Bc1 Bxd4 25. Rxd4 Rxe2 26. Bxe4 Rxe4 27. Rxe4
dxe4 28. Ra3 g5 29. Rc3 Rc8 30. Rxc8+ Bxc8 31. h4 Kf7 32. hxg5 hxg5 33. Ba3 Ke6
34. Bd6 Bd7 35. Bb8 Bxa4 36. Bxa7 b5 37. Bd4 b4 38. Kf1 Bc2 39. Ke2 g4 40. Bb2
Bd3+ 41. Kd2 g3 42. fxg3 fxg3 43. Ke3 Kf5 44. Bd4 b3 45. Bc3 Bc4 46. Bd4 Bd5
47. Ke2 Kg4 48. Kd2 Kf3 49. Bg1 b2 50. Kc2 e3 0-1

[Event "Open Principal"]
[Site "Montpellier"]
[Date "1999.??.??"]
[Round "2"]
[White "Iasoni, Robert"]
[Black "Redon, Philippe"]
[Result "1/2-1/2"]
[WhiteElo "2150"]
[BlackElo "1890"]
[PlyCount "46"]
[EventDate "1999.07.??"]

1. d4 Nf6 2. Nf3 c5 3. c4 cxd4 4. Nxd4 e5 5. Nc2 d5 6. cxd5 Qxd5 7. Qxd5 Nxd5
8. e4 Nb4 9. Ne3 Bc5 10. Bd2 N8c6 11. Bb5 Bd7 12. Na3 Rc8 13. O-O O-O 14. Rfc1
Be7 15. Bc3 a6 16. Bf1 b5 17. Rd1 Rfd8 18. Nb1 Nd4 19. Nd2 Be6 20. a3 Nbc2 21.
Nxc2 Nxc2 22. Rac1 Nd4 23. Nf3 Bb3 1/2-1/2

[Event "Open Principal"]
[Site "Montpellier"]
[Date "1999.??.??"]
[Round "2"]
[White "Ralaison, Ainga"]
[Black "Autran, Yann"]
[Result "1-0"]
[WhiteElo "1750"]
[BlackElo "1950"]
[PlyCount "67"]
[EventDate "1999.07.??"]

1. e4 e6 2. d4 d5 3. e5 c5 4. c3 Nc6 5. Nf3 Qb6 6. Bd3 Bd7 7. dxc5 Bxc5 8. Qe2
h6 9. b4 Bf8 10. O-O Nge7 11. b5 Na5 12. Nbd2 Rc8 13. Bb2 Ng8 14. a4 Bc5 15.
Rfc1 Ne7 16. c4 O-O 17. g3 Rfd8 18. Kg2 Be8 19. cxd5 exd5 20. Rc2 Bd7 21. Rac1
Bf5 22. Bxf5 Nxf5 23. g4 Ne7 24. e6 f6 25. g5 Rd6 26. gxh6 Rxe6 27. Qd3 27...
Qd6 {} 28. Kh1 g6 29. h7+ Kxh7 30. Ng5+ fxg5 31. Qh3+ Kg8 32. Nf3 b6 33. Qh8+
Kf7 34. Nxg5# 1-0

[Event "Open Principal"]
[Site "Montpellier"]
[Date "1999.??.??"]
[Round "2"]
[White "Rouillon, Ludovic"]
[Black "Viennois, Romain"]
[Result "1-0"]
[WhiteElo "2133"]
[BlackElo "1890"]
[PlyCount "59"]
[EventDate "1999.07.??"]

1. e4 e5 2. Nf3 Nc6 3. Bc4 Bc5 4. c3 Nf6 5. d4 exd4 6. cxd4 Bb4+ 7. Bd2 Bxd2+
8. Nbxd2 d5 9. exd5 Nxd5 10. Qb3 Nce7 11. O-O O-O 12. Rfe1 Nb6 13. Bd3 Bf5 14.
Ne4 c6 15. Rad1 Ned5 16. Ne5 Qc7 17. Nf6+ Nxf6 18. Bxf5 Rad8 19. Qh3 g6 20. Qh4
Qd6 21. Bc2 Nbd5 22. Bb3 Rfe8 23. Rd3 Qb4 24. f4 c5 25. Red1 cxd4 26. Rxd4 Qb6
27. Qf2 Kg7 28. Bxd5 Qa5 29. Bb3 Rxd4 30. Qxd4 1-0

[Event "Open Principal"]
[Site "Montpellier"]
[Date "1999.??.??"]
[Round "2"]
[White "Von Flue, Tim"]
[Black "Rue, David"]
[Result "1/2-1/2"]
[WhiteElo "1900"]
[BlackElo "2153"]
[PlyCount "157"]
[EventDate "1999.07.??"]

1. d4 Nf6 2. g3 d5 3. Bg2 c6 4. Nd2 Nbd7 5. e4 dxe4 6. Nxe4 Nxe4 7. Bxe4 Nf6 8.
Bg2 Bg4 9. Nf3 e6 10. O-O Bd6 11. c4 Qa5 12. Qb3 Qb6 13. Qe3 c5 14. d5 O-O 15.
dxe6 Bxe6 16. b3 Rfe8 17. Qc3 Ne4 18. Qc2 Bd7 19. Bb2 Bc6 20. Rfe1 Re6 21. Re2
Rae8 22. Rae1 Qa5 23. Qd3 Bf8 24. Nh4 Ng5 25. Bxc6 Qxe1+ 26. Rxe1 26... Rxe1+ {
} 27. Kg2 bxc6 28. Nf3 Nxf3 29. Kxf3 R1e6 30. h4 Rd6 31. Qc2 Red8 32. Ke3 Be7
33. Ke2 h5 34. Bc3 Bf6 35. Bxf6 Rxf6 36. Qc3 Re8+ 37. Kf1 Re7 38. Qa5 Rfe6 39.
Qxc5 g6 40. a4 Rb7 41. b4 a6 42. b5 {} 42... axb5 43. cxb5 cxb5 44. Qc8+ Kg7
45. Qxb7 bxa4 46. Qa8 Re7 47. Qxa4 Re6 48. Qd4+ Kg8 49. Kg2 Kh7 50. Kf3 Kg8 51.
Kf4 Kh7 52. Kg5 Ra6 53. Qc5 Kg7 54. Kf4 Re6 55. Qa7 Rf6+ 56. Ke4 Re6+ 57. Kd5
Re1 58. Qd4+ Kg8 59. Qf6 Rd1+ 60. Kc4 Rc1+ 61. Kd3 Re1 62. f4 Re6 63. Qd8+ Kg7
64. f5 gxf5 65. Qg5+ Rg6 66. Qxf5 Rxg3+ 67. Ke2 Rg6 68. Qxh5 Re6+ 69. Kf3 Rf6+
70. Ke4 Re6+ 71. Kd5 Rg6 72. Qe5+ Kh7 73. Qf5 Kg7 74. h5 Re6 75. Kc5 Rh6 76.
Qg5+ Kh7 77. Kd4 Re6 78. Kd5 Rh6 79. Ke5 1/2-1/2

[Event "Open Principal"]
[Site "Montpellier"]
[Date "1999.??.??"]
[Round "3"]
[White "Arias, Vladimir"]
[Black "Luciani, Jean-Francois"]
[Result "0-1"]
[WhiteElo "2070"]
[BlackElo "1760"]
[PlyCount "90"]
[EventDate "1999.07.??"]

1. e4 c5 2. g3 Nc6 3. Bg2 d6 4. c3 g6 5. Nf3 Bg7 6. O-O e6 7. d4 cxd4 8. cxd4
Nge7 9. Nc3 O-O 10. Be3 a6 11. Qd2 d5 12. exd5 Nxd5 13. Nxd5 exd5 14. Bh6 Bf5
15. Bxg7 Kxg7 16. Nh4 Qd7 17. Nxf5+ Qxf5 18. h3 Rfe8 19. g4 Qd7 20. Rfe1 Qd6
21. a3 Rad8 22. Rac1 Na7 23. Rxe8 Rxe8 24. Rc5 Nb5 25. Rxd5 Qf6 26. Rd7 Nd6 27.
Bxb7 Qe6 28. Rc7 Nxb7 29. Rxb7 Qd5 30. Rc7 h5 31. Rc5 Qf3 32. Rc3 Qd5 33. Re3
Rc8 34. Rg3 hxg4 35. Rxg4 Rh8 36. Qe3 Qa2 37. b4 Qb1+ 38. Kg2 Qa2 39. Rg5 Qc4
40. Rc5 Qa2 41. d5 Rd8 42. d6 Rxd6 43. h4 Rf6 44. Qd4 Qe2 45. Rc6 Qf3+ 0-1

[Event "Open Principal"]
[Site "Montpellier"]
[Date "1999.??.??"]
[Round "3"]
[White "Guennoun, Anthony"]
[Black "Schott, Raimund"]
[Result "1-0"]
[WhiteElo "1590"]
[BlackElo "2049"]
[PlyCount "61"]
[EventDate "1999.07.??"]

1. e4 c5 2. d4 cxd4 3. c3 dxc3 4. Nxc3 Nc6 5. Nf3 e6 6. Bc4 Qc7 7. Qe2 Nf6 8.
e5 Ng4 9. Bf4 f6 10. Nb5 Qb8 11. Nd6+ Bxd6 12. exd6 O-O 13. h3 Nge5 14. Nxe5
fxe5 15. Bxe5 Nxe5 16. Qxe5 Rf5 17. Qxf5 b5 18. Bb3 Qxd6 19. O-O Bb7 20. Rfd1
Qc6 21. Qf3 Qb6 22. Qe3 Qc6 23. f3 d5 24. Rac1 Qd6 25. Rc2 a5 26. Qc5 Qe5 27.
Qxb5 Qe3+ 28. Kh1 Ba6 29. Qxa5 d4 30. Re1 Qd3 31. Rxe6 1-0

[Event "Open Principal"]
[Site "Montpellier"]
[Date "1999.??.??"]
[Round "3"]
[White "Launiau, Severin"]
[Black "Negre, Albert"]
[Result "1/2-1/2"]
[WhiteElo "1920"]
[BlackElo "2132"]
[PlyCount "161"]
[EventDate "1999.07.??"]

1. d4 Nf6 2. Nc3 d5 3. e4 dxe4 4. f3 exf3 5. Nxf3 Bg4 6. Bc4 e6 7. Be3 Nbd7 8.
O-O Be7 9. Qe1 Nb6 10. Bd3 Nbd5 11. Bd2 Nb4 12. Qe3 Nxd3 13. Qxd3 O-O 14. Bf4
c5 15. Ne2 Qb6 16. Be5 Bf5 17. Qe3 Nd5 18. Qb3 f6 19. Bg3 c4 20. Qxb6 axb6 21.
Nd2 Ne3 22. Rf2 Nxc2 23. Rc1 Ne3 24. a3 Bd3 25. Nf4 e5 26. Ne6 exd4 27. Nxf8
Bxf8 28. Bc7 Nd5 29. Bg3 b5 30. Nf3 Bc5 31. Rd2 Bb6 32. Bf2 Ne3 33. Re1 Re8 34.
Ra1 Kf7 35. Ne1 Bf5 36. Nf3 c3 37. bxc3 dxc3 38. Re2 Nc2 39. Rxc2 Bxc2 40. Bxb6
Bd3 41. Rc1 Rc8 42. Kf2 g5 43. Ke3 Bg6 44. Nd4 Re8+ 45. Kf2 c2 46. Nxb5 Re6 47.
Be3 Ra6 48. Bd2 Bd3 49. a4 Rxa4 50. Nd6+ Ke6 51. Nxb7 Kd5 52. Be3 Rb4 53. Nc5
Bg6 54. Ke2 Rh4 55. Bg1 Kc4 56. g3 Rh5 57. Nd7 Rh6 58. Kd2 Be4 59. Nc5 Bf5 60.
Rf1 Bg4 61. Kxc2 f5 62. Nb3 Kd5 63. Nd4 Rf6 64. Kd3 f4 65. gxf4 gxf4 66. Ra1
Rf7 67. Ra5+ Kd6 68. Rg5 h5 69. Nb5+ Kc6 70. Kc4 Be2+ 71. Kb4 Rb7 72. Rc5+ Kd7
73. Rd5+ Ke6 74. Rd6+ Kf5 75. Rb6 Rxb6 76. Bxb6 Bxb5 77. Kxb5 Kg4 78. Bc7 h4
79. Kc4 f3 80. Bb6 Kh3 81. Bf2 1/2-1/2

[Event "Open Principal"]
[Site "Montpellier"]
[Date "1999.??.??"]
[Round "3"]
[White "Lacrosse, Marc"]
[Black "Lambert, Adrien"]
[Result "1-0"]
[WhiteElo "2218"]
[BlackElo "1980"]
[PlyCount "101"]
[EventDate "1999.07.??"]

1. d4 Nf6 2. c4 c5 3. d5 b5 4. cxb5 a6 5. e3 g6 6. Nc3 Bg7 7. a4 O-O 8. Bc4 e6
9. dxe6 fxe6 10. Qd6 axb5 11. Bxb5 Bb7 12. Nf3 Qc8 13. O-O Ne8 14. Qg3 Nc7 15.
Be2 d5 16. Qh3 Nd7 17. Nb5 Nf6 18. Ng5 Nxb5 19. Bxb5 e5 20. Qe6+ Qxe6 21. Nxe6
Rfc8 22. b4 c4 23. Nc5 Bc6 24. Bxc6 Rxc6 25. Bb2 Ne8 26. Rfd1 Rd6 27. Rac1 Kf7
28. Kf1 Bf6 29. Ke2 Ke7 30. b5 Nc7 31. Ba3 Rb6 32. Na6+ Kd7 33. Nxc7 Kxc7 34.
Rxd5 Rxa4 35. Bb2 Re6 36. Rc5+ Kb6 37. R1xc4 Rxc4 38. Rxc4 Kxb5 39. Re4 Kc5 40.
f4 Kd5 41. Kf3 exf4 42. Rxe6 Kxe6 43. Bxf6 Kxf6 44. Kxf4 h6 45. h4 Ke6 46. Ke4
Kd6 47. g3 Ke6 48. g4 Kf6 49. Kd5 Ke7 50. Ke5 Kf7 51. Kd6 1-0

[Event "Open Principal"]
[Site "Montpellier"]
[Date "1999.??.??"]
[Round "3"]
[White "Mourgues, Joelle"]
[Black "Aiglon, Laurent"]
[Result "0-1"]
[WhiteElo "1820"]
[BlackElo "2105"]
[PlyCount "64"]
[EventDate "1999.07.??"]

1. Nf3 c5 2. c4 g6 3. g3 Bg7 4. Nc3 Nc6 5. Bg2 d6 6. O-O Nh6 7. d3 Nf5 8. Bd2
h5 9. e4 Nfd4 10. Nxd4 Nxd4 11. h3 Be6 12. Rb1 Qd7 13. Kh2 b5 14. b3 Rb8 15.
Nd5 O-O 16. Re1 f6 17. Nf4 Bf7 18. Ne2 Nc6 19. Be3 e5 20. Nc3 b4 21. Nd5 Be6
22. Rf1 f5 23. f4 Rbe8 24. fxe5 Bxe5 25. Nf4 Kg7 26. Nxe6+ Rxe6 27. exf5 $4 {
Avant il faut penser a proteger ses piees !!!} (27. Qd2 $1) 27... Bxg3+ 28.
Kxg3 Rxe3+ 29. Rf3 Qxf5 30. Kf2 Rxf3+ 31. Qxf3 Qxf3+ 32. Bxf3 Ne5 0-1

[Event "Open Principal"]
[Site "Montpellier"]
[Date "1999.??.??"]
[Round "3"]
[White "Orsoni, Jean-Philippe"]
[Black "Rouillon, Ludovic"]
[Result "1-0"]
[WhiteElo "1990"]
[BlackElo "2133"]
[PlyCount "49"]
[EventDate "1999.07.??"]

1. e4 c5 2. Nf3 d6 3. d4 cxd4 4. Nxd4 Nf6 5. Nc3 g6 6. Be3 Bg7 7. f3 O-O 8. Qd2
Nc6 9. Bc4 Bd7 10. O-O-O Ne5 11. Bb3 Qa5 12. h4 Rfc8 13. h5 Nxh5 14. Bh6 Nd3+
15. Kb1 Rxc3 16. bxc3 Bxd4 17. cxd4 Qxd2 18. Rxd2 Nb4 19. g4 Nf6 20. e5 Nfd5
21. a3 Nc3+ 22. Kb2 Nbd5 23. Rdh2 Rc8 24. Bd2 dxe5 25. dxe5 {} 1-0

[Event "Open Principal"]
[Site "Montpellier"]
[Date "1999.??.??"]
[Round "3"]
[White "Sauvadet, Herve"]
[Black "Von Flue, Erwin"]
[Result "1-0"]
[WhiteElo "2098"]
[BlackElo "1930"]
[PlyCount "89"]
[EventDate "1999.07.??"]

1. e4 c5 2. Nc3 Nc6 3. g3 g6 4. Bg2 Bg7 5. d3 e6 6. Be3 d6 7. Qd2 Nge7 8. Nf3
a6 9. O-O O-O 10. Bh6 b5 11. Bxg7 Kxg7 12. Nh4 Qb6 13. f4 f5 14. exf5 Nxf5 15.
Nxf5+ gxf5 16. Kh1 d5 17. Ne2 Bb7 18. Ng1 Rf6 19. Nf3 Raf8 20. Rae1 d4 21. Ng5
Nd8 22. Re5 h6 23. Nf3 Nc6 24. Re2 Ne7 25. c4 bxc4 26. dxc4 Be4 27. Ne5 Qb7 28.
Rfe1 Bxg2+ 29. Rxg2 Ng6 30. Nd3 Qc6 31. Kg1 Re8 32. Rge2 Nf8 33. Qa5 Nd7 34.
Kf2 Rf7 35. Ne5 Nxe5 36. Rxe5 Rb7 37. b3 Rb6 38. Qxc5 Qxc5 39. Rxc5 d3 40. Rc7+
Kf6 41. Rd7 e5 42. fxe5+ Rxe5 43. Rxe5 Kxe5 44. Rxd3 a5 45. Rd5+ 1-0

[Event "Open Principal"]
[Site "Montpellier"]
[Date "1999.??.??"]
[Round "4"]
[White "Brunner, Nicolas"]
[Black "Rue, Eric"]
[Result "1/2-1/2"]
[WhiteElo "2013"]
[BlackElo "2159"]
[PlyCount "111"]
[EventDate "1999.07.??"]

1. d4 Nf6 2. Nf3 g6 3. c4 Bg7 4. Nc3 O-O 5. e4 d6 6. Be2 e5 7. O-O Nc6 8. d5
Ne7 9. Ne1 Nd7 10. Be3 f5 11. f3 f4 12. Bf2 g5 13. a4 Rf7 14. a5 a6 15. Nd3 Nf6
16. c5 h5 17. cxd6 cxd6 18. Na4 g4 19. Nb6 Rb8 20. Nxc8 Rxc8 21. Bb6 Qd7 22.
Qd2 h4 23. Rac1 h3 24. gxh3 g3 25. Rxc8+ Nxc8 26. Kg2 Nxb6 27. axb6 gxh2 28.
Kxh2 Qd8 29. Qb4 Bf8 30. Rc1 Rh7 31. Rc7 Rxc7 32. bxc7 Qxc7 33. Qc3 Qg7 34. Qe1
Nh5 35. Bf1 Ng3 36. Bg2 Qc7 37. Qc1 Qxc1 38. Nxc1 Be7 39. Kg1 Bd8 40. Kf2 Bh4
41. Kg1 Kf7 42. Bf1 Ke7 43. Nb3 Kd7 44. Bd3 Bd8 45. Kf2 b5 46. Ke1 Kc8 47. Kd1
Kb7 48. Nd2 Kb6 49. b4 a5 50. Kc2 axb4 51. Nb3 Nh5 52. h4 Bxh4 53. Kd1 Nf6 54.
Bf1 Nd7 55. Bh3 Nc5 56. Kc2 1/2-1/2

[Event "Open Principal"]
[Site "Montpellier"]
[Date "1999.??.??"]
[Round "4"]
[White "Guennoun, Anthony"]
[Black "Sauvadet, Herve"]
[Result "0-1"]
[WhiteElo "1590"]
[BlackElo "2105"]
[PlyCount "100"]
[EventDate "1999.07.??"]

1. e4 e5 2. Nf3 Nc6 3. Bc4 Bc5 4. c3 Nf6 5. d4 exd4 6. cxd4 Bb4+ 7. Nc3 Nxe4 8.
O-O Bxc3 9. d5 Bf6 10. Re1 Ne7 11. Rxe4 d6 12. Bg5 Bxg5 13. Nxg5 h6 14. Qe2
hxg5 15. Re1 Be6 16. dxe6 f6 17. Bd3 c6 18. Rg4 Kf8 19. Rxg5 19... Qe8 {} 20.
Qf3 Rh6 21. Re4 Kg8 22. Rg3 f5 23. Re2 Qh5 24. Qxh5 Rxh5 25. Bc4 Rh4 26. Bb3 g6
27. Rxg6+ Nxg6 28. e7+ Kg7 29. e8=Q Rxe8 30. Rxe8 Re4 31. Rxe4 fxe4 32. Bc2
32... d5 {} 33. f3 e3 34. Bxg6 Kxg6 35. Kf1 c5 36. Ke2 d4 37. h4 Kh5 38. g3 b5
39. b3 a5 40. Kd3 c4+ 41. bxc4 bxc4+ 42. Ke2 Kg6 43. g4 a4 44. a3 Kf6 45. f4
Kg6 46. h5+ Kh6 47. f5 Kg5 48. Kd1 d3 49. Kc1 c3 50. Kd1 e2+ 0-1

[Event "Open Principal"]
[Site "Montpellier"]
[Date "1999.??.??"]
[Round "4"]
[White "Iasoni, Robert"]
[Black "Launiau, Severin"]
[Result "0-1"]
[WhiteElo "2150"]
[BlackElo "1920"]
[PlyCount "48"]
[EventDate "1999.07.??"]

1. d4 d5 2. Nf3 Nf6 3. c4 e6 4. Nc3 c6 5. Bf4 Nbd7 6. e3 Qa5 7. Nd2 Bb4 8. Qc2
Ne4 9. Ndxe4 dxe4 10. Be2 g5 11. Bg3 h5 12. h4 g4 13. O-O-O Bxc3 14. bxc3 Nb6
15. Bd6 Bd7 16. Kd2 Qf5 17. Rb1 Qxf2 18. Qxe4 Nxc4+ 19. Kd3 Nxd6 20. Qe5 Qf5+
21. e4 Qxe5 22. dxe5 Nc8 23. Ke3 b6 24. Rhf1 Ne7 0-1

[Event "Open Principal"]
[Site "Montpellier"]
[Date "1999.??.??"]
[Round "4"]
[White "Mora, Pascal"]
[Black "Rue, David"]
[Result "0-1"]
[WhiteElo "1810"]
[BlackElo "2157"]
[PlyCount "130"]
[EventDate "1999.07.??"]

1. e4 d6 2. d4 Nf6 3. Nc3 g6 4. f4 Bg7 5. Be2 c5 6. dxc5 Qa5 7. Bd2 Qxc5 8. Bf3
Nc6 9. Qe2 Nd4 10. Qd3 Ng4 11. Bxg4 Bxg4 12. h3 Be6 13. Rc1 Rc8 14. a3 Bc4 15.
Qg3 Qb6 16. b3 Ba6 17. Kd1 O-O 18. Nd5 Qd8 19. Nb4 Bb5 20. a4 Bd7 21. Nf3 a5
22. Nd5 e6 23. Ne3 b5 24. Qe1 bxa4 25. Bxa5 Qe7 26. bxa4 Nxf3 27. gxf3 27...
Bxa4 {} 28. Rh2 Qa7 29. Bb4 Rfd8 30. Rd2 Qb6 31. Rg2 31... Bd4 {gloups!!!!}
32. Ng4 32... Qa6 {plus gloups!!!} 33. f5 Qd3+ 34. Rd2 Qxf3+ 35. Qe2 Qh1+ 36.
Qe1 Qxe1+ 37. Kxe1 Bc3 38. Bxc3 Rxc3 39. fxe6 fxe6 40. h4 Rg3 41. Nh2 Rg1+ 42.
Nf1 Rf8 43. Rf2 Rxf2 44. Kxf2 Rg4 45. Rd1 Bxc2 46. Rxd6 Rxe4 47. Ng3 Re5 48.
Kf3 Bb3 49. Rd7 Ra5 50. Ke3 h6 51. Ne4 Rf5 52. Rc7 Bd5 53. Nd6 Rf8 54. Re7 g5
55. hxg5 hxg5 56. Nb5 Rf7 57. Rxf7 Kxf7 58. Nd4 Kf6 59. Kf2 Ke5 60. Ne2 Bc4 61.
Ng1 g4 62. Kg3 Kf5 63. Kf2 Kf4 64. Kg2 e5 65. Kh2 Bf1 0-1

[Event "Open Principal"]
[Site "Montpellier"]
[Date "1999.??.??"]
[Round "4"]
[White "Negre, Albert"]
[Black "Orsoni, Jean-Philippe"]
[Result "1-0"]
[WhiteElo "2132"]
[BlackElo "1990"]
[PlyCount "51"]
[EventDate "1999.07.??"]

1. d4 Nf6 2. Nc3 d5 3. Bg5 e6 4. e4 Bb4 5. e5 h6 6. exf6 hxg5 7. fxg7 Rg8 8. h4
Qf6 9. h5 Qh6 10. Nf3 Rxg7 11. Ne5 f5 12. g4 Nd7 13. Nd3 Bxc3+ 14. bxc3 Nf6 15.
Be2 Ne4 16. Ne5 Nxc3 17. Qd3 Nxe2 18. Qxe2 Bd7 19. Rh3 a6 20. a4 b5 21. axb5
21... Bxb5 {} 22. Qxb5+ axb5 23. Rxa8+ Ke7 24. Rc3 Rh7 25. Rxc7+ Kf6 26. Rh8
1-0

[Event "Open Principal"]
[Site "Montpellier"]
[Date "1999.??.??"]
[Round "4"]
[White "Raggini, Lionel"]
[Black "Lacrosse, Marc"]
[Result "1-0"]
[WhiteElo "2090"]
[BlackElo "2218"]
[PlyCount "81"]
[EventDate "1999.07.??"]

1. e4 e5 2. Nf3 Nc6 3. d4 exd4 4. Bc4 Bc5 5. c3 Nf6 6. cxd4 Bb4+ 7. Bd2 Bxd2+
8. Nbxd2 Nxe4 9. Nxe4 d5 10. Bb5 dxe4 11. Ne5 O-O 12. Nxc6 bxc6 13. Bxc6 Rb8
14. O-O f5 15. Qd2 Qd6 16. Qc3 Rb6 17. Rac1 Be6 18. b3 Rd8 19. Rfd1 Rb4 20. d5
f4 21. a3 {} 21... Rbb8 22. b4 Bg4 23. Re1 Bf5 24. Ba4 Rb7 25. Bc2 Kh8 26. f3
Qb6+ 27. Kh1 Qf2 28. fxe4 Bg4 29. Rf1 Qe3 30. Qxe3 fxe3 31. Rce1 a5 32. Rxe3
axb4 33. axb4 Rxb4 34. e5 g6 35. h3 Bf5 36. e6 Bxc2 37. e7 Rbb8 38. exd8=Q+
Rxd8 39. Rc1 Ba4 40. Rxc7 Rxd5 41. Ree7 1-0

[Event "Open Principal"]
[Site "Montpellier"]
[Date "1999.??.??"]
[Round "5"]
[White "Ali, Hussein"]
[Black "Guennoun, Anthony"]
[Result "1/2-1/2"]
[WhiteElo "2049"]
[BlackElo "1590"]
[PlyCount "63"]
[EventDate "1999.07.??"]

1. e4 d5 2. exd5 Nf6 3. d4 Nxd5 4. Nf3 Bf5 5. c3 e6 6. Bc4 Be7 7. O-O O-O 8.
Nbd2 Nd7 9. Re1 N7b6 10. Bb3 Re8 11. Nf1 h6 12. Ng3 Bh7 13. Ne5 Nd7 14. Qe2
Nxe5 15. dxe5 Bg5 16. Rd1 Bxc1 17. Raxc1 Qg5 18. Bc2 Bxc2 19. Rxc2 Rad8 20. Rd4
Nf4 21. Qe3 Rxd4 22. cxd4 Nd5 23. Qxg5 hxg5 24. Ne4 f6 25. Kf1 Kf7 26. Nc5 b6
27. Ne4 Kg6 28. exf6 gxf6 29. a3 Re7 30. Nc3 Nxc3 31. Rxc3 Kf5 32. Ke2 {}
1/2-1/2

[Event "Open Principal"]
[Site "Montpellier"]
[Date "1999.??.??"]
[Round "5"]
[White "Autran, Yann"]
[Black "Holcman, Jeremy"]
[Result "0-1"]
[WhiteElo "1950"]
[BlackElo "2020"]
[PlyCount "98"]
[EventDate "1999.07.??"]

1. e4 e6 2. d4 d5 3. Nc3 Bb4 4. a3 Bxc3+ 5. bxc3 dxe4 6. Qg4 Nf6 7. Qxg7 Rg8 8.
Qh6 Nbd7 9. Ne2 b6 10. Bg5 Bb7 11. Nf4 Ng4 12. Bxd8 Nxh6 13. Bh4 Nf5 14. Bg3
Rc8 15. O-O-O Nf6 16. Bc4 Ke7 17. d5 e5 18. Ne2 Ng4 19. Rhf1 Nd6 20. Bb3 Ba6
21. Rde1 f6 22. h3 Ne3 23. Rg1 Nef5 24. Bh2 Nh4 25. Ng3 f5 26. f3 f4 27. Nxe4
Nxg2 28. Rd1 Be2 29. Rd2 Bxf3 30. Nf2 Ne3 31. Nd3 Rxg1+ 32. Bxg1 Nec4 33. Rf2
Bh5 34. Bh2 Kf6 35. Bxc4 Nxc4 36. Nxf4 Bg6 37. Nxg6+ Kxg6 38. Rf3 Rd8 39. Rd3
Kf5 40. a4 Ke4 41. Rg3 Rd7 42. Kb1 Kxd5 43. Rg4 Rf7 44. Bg1 a5 45. Ka2 Rf3 46.
Rh4 Rxc3 47. Rxh7 Rxc2+ 48. Kb3 Rg2 49. Rd7+ Nd6 0-1